Wheel of Fortune: US Presidents Quiz Stats

 Plays Quiz not verified by Sporcle

Score 0/44 Timer 08:00
1 Play Today
% Correct
Abraham Lincoln
88.8%
Bill Clinton
85.7%
Ulysses Grant
84.5%
Richard Nixon
83.9%
Dwight Eisenhower
82.3%
John Tyler
82.1%
Ronald Reagan
79.6%
Martin Van Buren
78.9%
John Kennedy
77.7%
Franklin D. Roosevelt
77.3%
Warren Harding
76.9%
William Henry Harrison
76.1%
Jimmy Carter
75%
William Taft
74.9%
George H.W. Bush
74.9%
Thomas Jefferson
73.1%
Donald Trump
72.6%
Andrew Jackson
71.2%
Andrew Johnson
69.8%
James Monroe
69.3%
George W. Bush
69%
Rutherford Hayes
67.3%
% Correct
Woodrow Wilson
67.3%
Lyndon B. Johnson
66.5%
John Adams
66.1%
Gerald Ford
65.4%
Theodore Roosevelt
65.3%
Benjamin Harrison
64.3%
Harry Truman
63.9%
Herbert Hoover
63.1%
Millard Fillmore
62.9%
John Quincy Adams
62.4%
Grover Cleveland
62%
Franklin Pierce
59.5%
George Washington
57.9%
Chester Arthur
57.2%
James Madison
51.6%
James Polk
50.9%
Zachary Taylor
49.7%
James Buchanan
47.8%
William McKinley
46.3%
Barack Obama
45.1%
James Garfield
35.9%
Calvin Coolidge
27%

You're not logged in!

Compare scores with friends on all Sporcle quizzes.
OR
Log In

Show Comments

Extras

Top Quizzes Today


Score Distribution

Your Account Isn't Verified!

In order to create a playlist on Sporcle, you need to verify the email address you used during registration. Go to your Sporcle Settings to finish the process.

Report this User

Report this user for behavior that violates our Community Guidelines.

Details: